| 000 | 01635cam a22003854a 4500 | ||
|---|---|---|---|
| 999 |
_c57592 _d57592 |
||
| 001 | 13330518 | ||
| 005 | 20200810140732.0 | ||
| 008 | 030902s2004 enka b 001 0 eng | ||
| 010 | _a 2003055893 | ||
| 020 | _a0521834813 | ||
| 020 | _a9780521834810 | ||
| 040 |
_aDLC _cDLC _dDLC |
||
| 041 | _aeng | ||
| 042 | _apcc | ||
| 050 | 0 | 0 |
_aTK6560 _b.C64 2004 |
| 080 | _a621.39 C-69 | ||
| 082 | 0 | 0 |
_a621.384 _222 |
| 100 | 1 |
_aColeman, Christopher, _d1950- _99154 |
|
| 245 | 1 | 3 |
_aAn introduction to radio frequency engineering / _cChristopher Coleman. |
| 260 |
_aCambridge, UK ; _aNew York : _bCambridge University Press, _c2004. |
||
| 300 |
_axxii, 310 p. : _bill. ; _c26 cm. |
||
| 504 | _aIncludes bibliographical references and index. | ||
| 650 | 0 |
_aRadio circuits _xDesign and construction. _99155 |
|
| 650 | 0 |
_aRadio _xEquipment and supplies _xDesign and construction. _99156 |
|
| 650 | 0 |
_aRadio frequency. _99157 |
|
| 653 | _aრადიო სქემები | ||
| 653 | _aრადიო სიხშირის ინჟინერიაში | ||
| 653 | _aინჟინერია | ||
| 856 | 4 | 2 |
_3Publisher description _uhttp://www.loc.gov/catdir/description/cam041/2003055893.html |
| 856 | 4 | 1 |
_3Table of contents _uhttp://www.loc.gov/catdir/toc/cam041/2003055893.html |
| 856 | 4 | 2 |
_3Contributor biographical information _uhttp://www.loc.gov/catdir/enhancements/fy0733/2003055893-b.html |
| 906 |
_a7 _bcbc _corignew _d1 _eocip _f20 _gy-gencatlg |
||
| 942 |
_2udc _cBK |
||
| 955 |
_apc22 2003-09-02 to ASCD _ijf07/jg12 2003-09-03 to SL _aaa19 2003-09-04 _aps15 2004-07-22 1 copy rec'd., to CIP ver. _ajf00 2004-07-28; |
||